01133nam a22002892 450000100060000000300080000600500170001400800410003103500190007204000320009104100080012308200250013109600210015610000530017724501020023025000120033226000440034430000280038850000670041650400510048365000240053465000470055871000550060594200120066099900170067295201540068912568BD-RjUL20211208235322.0140129s1960 enka b 001 0 eng d a(BD-RjUL)12617 aGZHcGZHdUKMdBD-RjULbeng aeng04a613.62218bSIP 1960 aRC 311.8 S5 19601 aSimmonds, F. A. H.qFrancis Albert Henry.93915514aThe protection of the nurse and other hospital workers against tuberculosis /cF. A. H. Simmonds. a2nd ed. aLondon :bChest and Heart Assn.,c1960. a95 p. :bill. ;c19 cm. aCover title: The protection of the nurse against tuberculosis. aIncludes bibliographical references and index. 2aNursing Care938091 2aTuberculosisxprevention & control.9391562 aChest and Heart Association (Great Britain)939157 2ddccBK c12568d12568 00102ddc40718NFICaRUCLbRUCLcReadingd1966-05-31eChest & Heart Associationg0.00l0o613.62 SIP 1960r2014-01-29 00:00:00tC-1w2014-01-29yBK